Jetpunk but it"s a Playable Game - Statistics

General Stats
  • This quiz has been taken 1,172 times
  • The average score is 7 of 20
Answers on the Map
Answers color-coded by a green-red scale on the quiz's map according to % correct below.
 
Answer Stats
Answer % Correct
1
100%
2
75%
12
43%
11
42%
6
42%
8
42%
9
42%
7
41%
10
40%
3
40%
5
39%
14
36%
4
35%
13
31%
15
30%
16
14%
18
12%
17
10%
20
9%
19
7%
No matching quizzes found
Score Distribution
Percent of People with Each Score
Percentile by Number Answered
Your Score History
You have not taken this quiz